Record transfers: SV Werder Bremen - Statistics

General Stats
  • This quiz has been taken 220 times
    134 since last reset
  • The average score is 12 of 22
Answer Stats
Fee Season Position Left Player % Correct
13.5 Mio. € 18/19 Attacking Midfield Everton FC Davy Klaassen
92%
6 Mio. € 06/07 Attacking Midfield FC Porto Diego
87%
8.1 Mio. € 17/18 Right Winger Vitesse Arnhem Milot Rashica
81%
6.5 Mio. € 19/20 Centre-Forward Hannover 96 Niclas Füllkrug
80%
5 Mio. € 16/17 Left Winger Arsenal FC Serge Gnabry
76%
7.5 Mio. € 16/17 Second Striker VfL Wolfsburg Max Kruse
72%
4.5 Mio. € 17/18 Left-Back FC København Ludwig Augustinsson
65%
5 Mio. € 04/05 Centre-Forward 1. FC Kaiserslautern Miroslav Klose
65%
5 Mio. € 07/08 Attacking Midfield FC Schalke 04 Mesut Özil
63%
7 Mio. € 20/21 Attacking Midfield TSG 1899 Hoffenheim Leonardo Bittencourt
59%
5 Mio. € 05/06 Defensive Midfield FC Bayern München Torsten Frings
57%
4.7 Mio. € 06/07 Centre-Back Hannover 96 Per Mertesacker
54%
8.2 Mio. € 09/10 Left-Back Borussia Mönchengladbach Marko Marin
52%
7.8 Mio. € 07/08 Attacking Midfield Fluminense RJ Carlos Alberto
49%
4.5 Mio. € 18/19 Second Striker 1. FC Köln Yuya Osako
47%
5.5 Mio. € 12/13 Left Winger Juventus FC Eljero Elia
44%
7.5 Mio. € 10/11 Central Midfield Santos FC Wesley
44%
4.5 Mio. € 14/15 Centre-Back TSG 1899 Hoffenheim Jannik Vestergaard
42%
6.2 Mio. € 10/11 Left Winger FC Twente Marko Arnautović
38%
4.5 Mio. € 15/16 Centre-Forward 1. FC Köln Anthony Ujah
36%
4.5 Mio. € 07/08 Centre-Forward Hamburger SV Boubacar Sanogo
21%
5 Mio. € 11/12 Attacking Midfield FC Bayern München Mehmet Ekici
20%
No matching quizzes found
Score Distribution
Percent of People with Each Score
Percentile by Number Answered
Your Score History
You have not taken this quiz since the last reset